Climate change 2014 (Record no. 8980)
[ view plain ]
| 000 -LEADER | |
|---|---|
| fixed length control field | 00673nam a2200169Ia 4500 |
| 020 ## - INTERNATIONAL STANDARD BOOK NUMBER | |
| ISBN | 9789291691418 |
| 082 ## - DEWEY DECIMAL CLASSIFICATION NUMBER | |
| Classification number | RR 551.609 |
| Item number | CLI |
| 245 #0 - TITLE STATEMENT | |
| Title | Climate change 2014 |
| Sub Title | : Impacts, adaptation and vulnerability summaries, frequently asked questions and cross-chapter boxes |
| 260 ## - PUBLICATION, DISTRIBUTION, ETC. (IMPRINT) | |
| Place of publication | Geneva |
| Name of publisher | World Meteorological Organization |
| Year of publication | 2014 |
| 300 ## - PHYSICAL DESCRIPTION | |
| Number of Pages | xiii, 190p |
| 650 ## - SUBJECT ADDED ENTRY--TOPICAL TERM | |
| Topical Term | Climatic changes |
| Form subdivision | Government policy |
| 650 ## - SUBJECT ADDED ENTRY--TOPICAL TERM | |
| Topical Term | Global environmental change |
| Form subdivision | International cooperation |
| 650 ## - SUBJECT ADDED ENTRY--TOPICAL TERM | |
| Topical Term | Human ecology |
| Form subdivision | Greenhouse gas mitigation |
| 700 ## - ADDED ENTRY--PERSONAL NAME | |
| Personal name | Christopher B. Field...[et al.] |
| 710 ## - ADDED ENTRY--CORPORATE NAME | |
| Corporate name or jurisdiction name as entry element | Intergovernmental Panel on Climate Change. Working Group II |
| 942 ## - ADDED ENTRY ELEMENTS (KOHA) | |
| Koha item type | Reference Books |
| Source of classification or shelving scheme | Dewey Decimal Classification |
| Withdrawn status | Lost status | Damaged status | Not for loan | Home library | Current library | Date acquired | Bill Date | Full call number | Accession Number | Price effective from | Koha item type |
|---|---|---|---|---|---|---|---|---|---|---|---|
| Not For Loan | NASSDOC Library | NASSDOC Library | 27/06/2017 | 2017-05-26 | RR 551.609 CLI | 49270 | 18/04/2019 | Reference Books |
